000 00582nam a2200193Ia 4500
003 GCL
008 140319s9999 xx 000 0 ara d
040 _aGCL /
_cGCL
082 0 4 _a412
_bط ل
100 1 _aطارق النعمان
245 1 0 _aاللفظ والمعنى : بين الايديولوجيا والتاسيس المعرفى للعلم /
_cطارق النعمان
300 _a416 ص
490 _a
650 0 4 _aالاشتقاق
650 0 4 _aاللغة العربية
650 0 4 _aالالفاظ العربية
650 0 4 _aالمعانى
942 _2ddc
_cBK
999 _c44088
_d44088